| 000 | 01609nam a2200433 i 4500 | ||
|---|---|---|---|
| 001 | 9244 | ||
| 003 | KOSZ 005 | ||
| 005 | 20220117142128.0 | ||
| 008 | 070608s1971 pl a f 000 0 pol | ||
| 015 | _aPB 1972/399 | ||
| 035 | _a(PL-WaBN)b19438217-48omnis_nlop | ||
| 035 | _ab19438217 | ||
| 035 | _a(OCoLC)812769742 | ||
| 035 | _a(PL)b0000019438217 | ||
| 040 |
_aWA N _cWA N _dKOSZ 005/RW |
||
| 046 | _k1971 | ||
| 080 | _a002 | ||
| 080 | _a62+66/69 | ||
| 100 | 1 |
_aSikorski, Lech _eAutor |
|
| 245 | 1 | 0 |
_aRola i znaczenie informacji firmowej / _cLech Sikorski. |
| 260 |
_aWarszawa : _bCentralny Instytut Informacji Naukowo-Technicznej i Ekonomicznej, _c1971. |
||
| 300 |
_a25 stron : _bilustracje ; _c24 cm. |
||
| 336 |
_aTekst _btxt _2rdacontent |
||
| 337 |
_aBez urządzenia pośredniczącego _bn _2rdamedia |
||
| 338 |
_aWolumin _bnc _2rdacarrier |
||
| 380 | _aKsiążki | ||
| 388 | _a1901-2000 | ||
| 490 | 1 | _aMateriały Szkoleniowe / Centralny Instytut Informacji Naukowo-Technicznej i Ekonomicznej | |
| 504 | _aBibliografia na stronach 24-25. | ||
| 650 | 7 |
_aInformacja naukowa _2DBN |
|
| 650 | 7 |
_aPrzedsiębiorstwo _2DBN |
|
| 650 | 7 | _aDokumentacja | |
| 658 | _aGospodarka, ekonomia, finanse | ||
| 710 | 2 |
_aCentralny Instytut Informacji Naukowo-Technicznej i Ekonomicznej _4pbl. |
|
| 830 | 0 | _aMateriały Szkoleniowe - Centralny Instytut Informacji Naukowo-Technicznej i Ekonomicznej | |
| 856 |
_uhttp://koha.tu.koszalin.pl/cgi-bin/koha/opac-detail.pl?biblionumber=9244 _yKatalog online BPK |
||
| 942 |
_2UKD _cKS |
||
| 999 |
_c9244 _d9244 |
||